Statistiques concernant Îles d'Hawaï

Cliquez ici pour prendre le quiz!

Statistiques générales

  • Ce quiz a été pris 39 fois
  • Le résultat moyen est 4 sur 8

Réponses sur la Carte

Les réponses sont colorées sur une échelle allant du rouge au vert en fonction du pourcentage des utilisateurs qui les ont devinées à leur premier essai. Vous pouvez retrouver ces pourcentages ci-dessous.
 

Statistiques - réponses

SurnomPopulationNom% Correct
L'île vallée
(The Valley Isle)
144,444Maui
85%
La grande île
(The Big Island)
185,079Hawai‘i
75%
Le point de rassemblement
(The Gathering Place)
953,207Oʻahu
70%
L'île jardin
(The Garden Isle)
66,921Kauaʻi
55%
L'île Ananas
(The Pineapple Isle)
3,135Lānaʻi
35%
L'île amicale
(The Friendly Isle)
7,345Molokaʻi
30%
L'île cible
(The Target Isle)
0Kahoʻolawe
10%
L'île interdite
(The Forbidden Isle)
170Niʻihau
5%

Distribution des résultats

Percentile par nombre de réponses

% des personnes avec chaque résultat

Votre développement - résultats

Vous n’avez pas pris ce quiz